[Event "FAI-ch 2019"]
[Site "Torshavn"]
[Date "2019.04.15"]
[Round "3.2"]
[White "Hoi, Carsten"]
[Black "Samuelsen, Carl Eli Nolsoe"]
[Result "1-0"]
[WhiteElo "2354"]
[BlackElo "2196"]
[Annotator "TA"]
[PlyCount "83"]
[EventDate "2019.04.12"]
[EventType "tourn"]
[EventRounds "7"]
[EventCountry "FAI"]
[SourceTitle "playchess.com"]
[Source "ChessBase"]
[SourceQuality "1"]

{[%evp 10,82,35,0,15,0,0,0,0,0,24,13,27,27,41,37,39,9,32,24,31,31,33,33,59,35,57,37,40,34,112,104,120,104,98,93,114,121,141,135,162,162,165,170,176,175,137,135,355,325,397,358,399,375,1291,1133,29981,29982,29982,29983,29983,29984,29984,29985,29983,29982,29986,4798,29987,29988,29995,29996,29998,29991,29999]} 1. d4 d5 2. Nf3 Nf6 3. c4 c6 4. e3 a6 5. Nc3 Bf5 6. a4 (6. c5 {seems wilder.} h6 7. b4 Nbd7 8. Be2 e6 9. O-O) 6... e6 {D11: Slav Defence: 3 Nf3 sidelines and 3...Nf6 4 e3 Bg4} 7. Bd3 (7. Be2 {feels hotter.} Bb4 8. O-O O-O 9. c5 Nbd7 10. Qb3) (7. Qb3 Ra7 8. Nh4 Be4 9. a5 Nbd7 10. cxd5 Bxd5 11. Nxd5 cxd5 12. Nf3 Bd6 13. Bd3 O-O 14. O-O {1-0 (36) Kozul,Z (2597)-Sebenik,M (2496) Slovenia 2013}) 7... Bxd3 8. Qxd3 a5 $146 {The position is equal.} ({Predecessor:} 8... Nbd7 9. O-O Be7 10. b3 O-O 11. Bd2 Re8 12. h3 Bf8 13. Rfd1 Qb6 14. Rab1 {0-1 (53) Hoi,C (2413)-Glud,J (2474) Denmark 2010}) 9. O-O Be7 10. e4 dxe4 11. Nxe4 Na6 12. Bf4 O-O 13. Rfd1 Nb4 (13... c5 {keeps more tension.} 14. Nc3 cxd4 15. Nxd4 Qb6 16. Qe2 Rfd8) 14. Qe2 Nxe4 15. Qxe4 Bf6 16. Rd2 Re8 17. Rad1 Qe7 18. g3 Rad8 19. h4 g6 (19... Rc8 $14) 20. Bg5 $16 Kg7 21. Kg2 h6 22. Be3 b5 23. b3 {[%cal Bb2b3,Bb3c4][%mdl 32]} ({Of course not} 23. cxb5 $6 cxb5 24. axb5 Rb8 $11) 23... bxc4 24. bxc4 h5 25. Bg5 Bxg5 26. hxg5 Qc7 27. Ne5 Qe7 28. f4 ({Don't play} 28. Nxc6 $6 Nxc6 29. Qxc6 Qxg5 $14) 28... Rd6 $2 {[#]} (28... Rh8 $16 29. Rh1 (29. Nxc6 Nxc6 30. Qxc6 h4 $11) 29... Qd6) 29. g4 f5 30. gxf6+ Qxf6 31. gxh5 gxh5 $2 (31... Rh8 32. Qxg6+ Qxg6+ 33. hxg6 Rh5) 32. Kh1 $18 {[#] White threatens Rg1+ and mate.} Rg8 33. Rg1+ Kf8 34. Rxg8+ Kxg8 35. Rg2+ Kf8 36. Rg5 Qh6 37. Rg6 Qh8 38. f5 (38. c5 $142 Rd5 39. Rxe6 Rxe5 40. fxe5 Qg7 41. Qf5+ Qf7 42. Rf6 Qxf6 43. Qxf6+ Kg8 44. e6) 38... Ke8 39. c5 {White mates.} exf5 40. Qxf5 Rxg6 41. Qxg6+ Kf8 42. Qf7# {Accuracy: White = 71%, Black = 27%.} 1-0

[Event "FAI-ch 2019"]
[Site "Torshavn"]
[Date "2019.04.15"]
[Round "3.3"]
[White "Berg, Olaf"]
[Black "Simonsen, Hans Kristian"]
[Result "0-1"]
[WhiteElo "2212"]
[BlackElo "2147"]
[Annotator "TA"]
[PlyCount "110"]
[EventDate "2019.04.12"]
[EventType "tourn"]
[EventRounds "7"]
[EventCountry "FAI"]
[SourceTitle "playchess.com"]
[Source "ChessBase"]
[SourceQuality "1"]

{[%evp 18,110,23,25,44,18,50,32,79,81,83,54,61,66,60,46,55,48,52,43,46,48,54,29,43,14,41,0,2,0,21,0,1,-45,-6,-7,-1,-17,-6,-5,-5,-12,-13,-19,0,0,0,0,0,0,0,-14,0,-52,0,0,106,0,0,0,0,-422,-403,-385,-348,-298,-102,-183,-92,-716,-334,-529,-582,-860,-829,-992,-989,-1023,-458,-29983,-29984,-29984,-29985,-29985,-29986,-29986,-29986,-29985,-29986,-29993,-29989,-29989,-29990,-29996,-29997]} 1. e4 e5 2. Nf3 Nc6 3. Bb5 a6 4. Ba4 Nf6 5. d3 b5 6. Bb3 Be7 7. O-O O-O 8. Nc3 d6 9. a3 Bb7 10. Re1 h6 {C84: Closed Ruy Lopez: Unusual White 6th moves} (10... Qd7 11. Ne2 Nd8 12. Ng3 Ne6 13. c3 c5 14. d4 exd4 15. cxd4 c4 16. Bc2 d5 17. e5 Ne4 18. Nxe4 dxe4 19. Bxe4 Bxe4 20. Rxe4 {0-1 (62) Motylev,A (2661)-Robson,R (2676) Saint Louis 2018}) 11. Ba2 Kh8 $146 ({Predecessor:} 11... Nd4 12. Nxd4 exd4 13. Ne2 c5 14. Ng3 Re8 15. c3 dxc3 16. bxc3 Bf8 17. Qf3 Rc8 18. Bf4 {1-0 (63) Wang,J (2362)-Monnisha,G (2281) Ashkhabad 2017}) 12. b4 Nh7 {White is slightly better.} 13. Nd5 Qd7 14. d4 exd4 15. Nxe7 Qxe7 16. Bd5 Rab8 17. Bxc6 Bxc6 18. Nxd4 Bd7 19. Bb2 Rbe8 20. Re3 f6 21. Qe2 c5 22. bxc5 dxc5 23. Nb3 Ng5 24. Nd2 Bc6 25. a4 Qb7 {[%cal Rg5e4]} 26. axb5 axb5 {[%cal Rg5e4]} 27. f3 Ne6 28. Rea3 Ra8 29. Qe3 Rxa3 30. Rxa3 b4 31. Rd3 $1 Qe7 32. e5 {aiming for exf6.} f5 $1 33. Rd6 Bb5 34. Nb3 f4 35. Qf2 (35. Qd2 $11) 35... c4 ({Better is} 35... Rd8 $15 36. Rxd8+ Qxd8) 36. Nd4 $11 c3 (36... Nxd4 $11 37. Bxd4 c3) 37. Bc1 ({Wrong is} 37. Nxb5 $2 cxb2 38. Qf1 Ra8 $19) (37. Bxc3 $1 $16 bxc3 38. Nxb5 (38. Rxe6 Ra8 $11)) 37... Nxd4 38. Qxd4 {[%mdl 64] Double Attack} Qh4 {[%cal Rh4e1]} 39. g3 $2 {[%mdl 8192]} (39. Qe4 $11 {and White has nothing to worry.}) 39... Qh3 $19 {[%csl Gb5][%cal Rh3f1]} 40. Qf2 fxg3 41. hxg3 Qf5 $2 $40 {[%mdl 128] Black wants a kill.} (41... Ra8 $19 {and Black stays clearly on top. And now ...Ra2 would win.} 42. Rd1 Ra2 43. Rd8+ Kh7) 42. Kg2 (42. Bxh6 $17 Ra8 43. Bc1) 42... Ra8 (42... Qxe5 $19 43. Rd4 Bc6) 43. Bxh6 $2 {[%mdl 8192]} (43. g4 $17 Qxe5 44. Rd4) 43... gxh6 (43... Ra2 $142 44. g4 Qxc2 45. Qxc2 Rxc2+ 46. Kg3 b3) 44. Rxh6+ (44. g4 {was the only chance.} Qxe5 45. Qb6) 44... Kg7 45. Rh4 Bc6 46. e6 {[#]} Rd8 $1 47. Qa7+ {[#]} Kg8 (47... Rd7 $142 $1 {[%mdl 512]} 48. exd7 Qxf3+ 49. Kh3 Qg2+ 50. Kg4 Qe2+ 51. Kf5 Qf3+ {[%mdl 64] Double Attack} 52. Kg5 Qf6+ 53. Kg4 Kg6 54. Rh6+ {[%mdl 64] Decoy} Kxh6 55. Qe3+ Kg7) 48. Rg4+ (48. Qf7+ $19 Qxf7 49. exf7+ Kxf7 50. Kf2) 48... Qxg4 $1 {Black mates.} 49. Qf7+ Kh8 50. Qf6+ Kh7 51. Qe7+ Kh6 52. Qf6+ Kh5 53. Qe5+ Qg5 54. g4+ Kg6 55. Qc7 Qxg4+ {[%mdl 64] Double Attack. Accuracy: White = 27%, Black = 40%.} 0-1

[Event "FAI-ch 2019"]
[Site "Torshavn"]
[Date "2019.04.15"]
[Round "3.4"]
[White "Dragicevic, Drazen"]
[Black "Thorsteinsson, Sjurdur"]
[Result "1-0"]
[WhiteElo "2334"]
[BlackElo "2228"]
[Annotator "TA"]
[PlyCount "95"]
[EventDate "2019.04.12"]
[EventType "tourn"]
[EventRounds "7"]
[EventCountry "FAI"]
[SourceTitle "playchess.com"]
[Source "ChessBase"]
[SourceQuality "1"]

{[%evp 9,95,26,16,0,52,-70,-78,-136,-85,-67,-33,-40,-39,-17,47,47,53,-52,-13,-10,0,-6,0,0,45,33,25,29,25,7,44,47,48,0,11,0,0,0,50,62,72,58,61,48,99,77,94,51,110,114,202,201,224,223,258,260,493,493,493,475,540,514,527,397,383,383,356,346,593,585,364,407,806,718,824,763,979,1282,974,904,802,764,29973,29974,29973,29973,5840,5832]} 1. d4 Nf6 2. Nc3 d5 3. Bf4 c6 4. Nf3 (4. e3 Bf5 5. Nf3 h6 6. Ne5 Nbd7 7. g4 Bh7 8. h4 Nxe5 9. dxe5 Ne4 10. Nxe4 Bxe4 11. f3 Bh7 12. e6 {1-0 (57) Bortnyk,O (2610)-Dreev,A (2653) Riadh 2017}) 4... h6 5. Qd3 Nbd7 $146 ({Predecessor:} 5... Qa5 6. Nd2 Nbd7 7. Nb3 Qd8 8. O-O-O g5 9. Bg3 b5 10. e4 b4 11. Na4 Nxe4 {0-1 (28) Hutton,A (1302)-Filgueira,H (1391) IECC email 2012}) 6. O-O-O {D00: 1 d4 d5: Unusual lines} e6 (6... b5 $11) 7. Rg1 (7. e4 $14) 7... b5 $15 8. Ne5 {[#]} ({White should try} 8. e4 b4 9. exd5 bxc3 10. Qxc3) 8... Nxe5 (8... b4 $142 $1 {[%cal Rb4c3]} 9. Na4 Bd6) 9. dxe5 $17 Nd7 {aiming for ...Nc5.} (9... Qc7 {is more complex.} 10. e4 b4 11. Qf3 Nd7 12. Nb5 cxb5 13. exd5 Bb7) 10. e4 $1 {[%cal Re4d5]} Nc5 11. Qf3 $1 {[%cal Re4d5]} Bd7 ({Black should play} 11... a6 $11) 12. exd5 $14 exd5 13. g4 (13. Nxd5 $14 cxd5 14. Rxd5) 13... Ne6 14. Be3 Be7 15. Ne2 {[%cal Bc3e2,Be2g3,Bg3h5][%mdl 32]} Qc7 16. Qg3 f6 17. exf6 Qxg3 18. Nxg3 Bxf6 19. Nh5 Be7 20. f4 {[%cal Bf2f4,Bf4f5][%mdl 32]} g6 21. Ng3 Bc5 22. Re1 {Strongly threatening Bxc5.} Bxe3+ 23. Rxe3 {Threatens to win with f5.} O-O 24. f5 Nf4 25. Rf3 g5 26. h4 a5 (26... Ng6 $14) 27. hxg5 $16 hxg5 28. Rh1 Rf7 (28... Rae8 $14) 29. Nh5 Nxh5 (29... Ng6 $16) 30. Rxh5 $18 Rh7 {Black wants to play ...Rxh5.} 31. Rxg5+ Kf7 32. f6 Rg8 $2 (32... Rf8 33. Bd3 Rh1+ 34. Kd2 Rh2+ 35. Ke3 Ke6) 33. Rxg8 Kxg8 {[%mdl 4096] Endgame KRB-KRB} 34. g5 {[%cal Bg4g5,Bg5g6,Bg6g7][%mdl 32]} Rh1 {And now ...Bg4 would win.} 35. g6 Rg1 36. g7 {Intending f7+ and mate.} Kf7 37. Kd2 Bg4 38. Rf2 Bh5 $2 (38... Be6 {is a better defense.} 39. Bd3 Rg4) 39. Be2 Bxe2 40. Kxe2 {KR-KR} Rg3 (40... Rg5 $142 41. Ke3 Rg4) 41. Rf3 Rg4 42. Rf5 a4 43. Kf3 Rg1 44. Kf4 Rf1+ 45. Ke5 Rg1 46. Rh5 Re1+ {[#]} 47. Kd4 $1 Rg1 48. Rh8 {Precision: White = 62%, Black = 31%.} 1-0

[Event "FAI-ch 2019"]
[Site "Torshavn"]
[Date "2019.04.16"]
[Round "4.1"]
[White "Ziska, Helgi Dam"]
[Black "Thorsteinsson, Sjurdur"]
[Result "1-0"]
[WhiteElo "2540"]
[BlackElo "2228"]
[Annotator "TA"]
[PlyCount "65"]
[EventDate "2019.04.12"]
[EventType "tourn"]
[EventRounds "7"]
[EventCountry "FAI"]
[SourceTitle "playchess.com"]
[Source "ChessBase"]
[SourceQuality "1"]

{[%evp 13,65,25,27,29,30,29,52,38,103,91,133,131,159,158,191,169,184,182,216,133,155,158,170,91,165,168,165,175,157,147,197,187,225,218,238,234,248,246,245,245,245,218,380,378,379,363,379,388,477,423,602,0,395,0]} 1. c4 g6 2. Nc3 Bg7 3. d4 Nf6 4. e4 d6 5. h3 O-O 6. Be3 e5 7. d5 Na6 8. g4 {E71: King's Indian: 4 e4 d6 5 h3} Nc5 9. f3 a5 (9... h5 10. Qd2 Nh7 11. O-O-O h4 12. Bd3 Nxd3+ 13. Qxd3 f5 14. Rh2 Kh8 15. Rg2 Bd7 16. exf5 gxf5 {½-½ (69) Caruana,F (2811)-Jones,G (2640) Wijk aan Zee 2018}) 10. Qd2 {White is slightly better.} Qe7 $146 (10... c6 $14) ({Predecessor:} 10... c6 11. Nge2 cxd5 12. cxd5 Bd7 13. Ng3 a4 14. Nb5 Qb6 15. Na3 Rfc8 {0-1 (74) Anton Guijarro,D (2666)-Kovalev,V (2639) Riadh 2017}) 11. Nge2 Rd8 12. Ng3 Nfd7 13. h4 Nf8 14. h5 Bf6 15. g5 Bg7 16. Kf2 Bd7 17. Rh2 Na4 18. Nb1 (18. Nxa4 $18 Bxa4 19. Bd3) 18... c6 (18... f5 $16 19. gxf6 Bxf6) 19. b3 $18 {[#] h6 is the strong threat.} cxd5 20. exd5 Nc5 21. Nc3 Re8 22. Re1 Qd8 23. Bh3 Bxh3 24. Rxh3 Qc8 25. Kg2 a4 26. Bxc5 Qxc5 27. Nxa4 Qc7 $2 {[#]} (27... Qd4 {is a better defense.} 28. Qc2 Rec8) 28. Ne4 Qe7 29. Nac3 Nd7 30. Nb5 Ra6 31. Nc7 Nf8 (31... Nc5 $142 32. Nxa6 bxa6 33. Nxc5 dxc5 34. hxg6 hxg6) 32. Nb5 Nd7 $1 33. Nc7 $2 {[%mdl 32768] Accuracy: White = 67%, Black = 28%. . Loss on time!?} (33. hxg6 $18 hxg6 34. Nc7) 1-0

[Event "FAI-ch 2019"]
[Site "Torshavn"]
[Date "2019.04.16"]
[Round "4.2"]
[White "Simonsen, Hans Kristian"]
[Black "Dragicevic, Drazen"]
[Result "0-1"]
[WhiteElo "2147"]
[BlackElo "2334"]
[Annotator "TA"]
[PlyCount "98"]
[EventDate "2019.04.12"]
[EventType "tourn"]
[EventRounds "7"]
[EventCountry "FAI"]
[SourceTitle "playchess.com"]
[Source "ChessBase"]
[SourceQuality "1"]

{[%evp 9,98,0,28,23,23,0,0,0,0,0,0,-24,-17,-24,-24,-22,-13,-13,-15,-21,-20,-11,0,-9,-7,-2,-4,-12,-6,-8,-8,-8,41,37,39,38,48,56,75,75,84,82,87,94,209,104,111,106,106,57,94,94,94,109,87,125,132,125,132,16,0,-115,-89,-102,-104,-135,-108,-195,-104,-95,0,-171,-144,-158,-145,-133,-140,-228,-228,-225,-204,-414,-410,-393,-317,-510,-508,-523,-518,-1397,-1391]} 1. d4 d5 2. Bf4 Nf6 3. e3 c5 4. c3 Nc6 5. Nd2 Qb6 6. Qb3 {D00: 1 d4 d5: Unusual lines} g6 (6... Nh5 7. Qxb6 axb6 8. Bc7 cxd4 9. exd4 e5 10. Bxe5 Nxe5 11. dxe5 Bc5 12. g3 O-O {1-0 (76) Aronian,L (2765)-Caruana,F (2832) London 2018}) 7. Ngf3 c4 8. Qxb6 {The position is equal.} axb6 9. a3 b5 10. Rc1 Nh5 11. Be2 $146 ({Predecessor:} 11. Bc7 Kd7 12. Bg3 f6 13. e4 Nxg3 14. hxg3 dxe4 15. Nxe4 {0-1 (59) Stamenkovic,D (2400)-Malakhatko,V (2545) Arica 2018}) 11... Nxf4 12. exf4 Bh6 13. g3 f6 14. O-O Bh3 15. Rfe1 O-O-O 16. Bf1 Bf5 17. Nh4 Bd7 18. Rcd1 Kc7 19. Bg2 $36 {[%mdl 2048] White is pushing.} Bg4 20. Bf3 Bxf3 (20... Bc8 {is more complex.} 21. Bg2 Bg7 22. Nhf3 Bf5 23. Nf1 Bc2) 21. Ndxf3 Rhe8 22. Ng2 Rd7 23. h4 Nd8 24. Ne3 Nf7 25. Kg2 Kc6 26. h5 g5 {[#]} (26... e6 $16) 27. fxg5 (27. Ng4 $1 $18) 27... Bxg5 $16 28. Nf5 e5 29. Nh2 Rg8 30. Ng4 {[%cal Rd4e5]} e4 31. f4 exf3+ 32. Kxf3 {Hoping for Ne7+.} Kc7 33. Re6 Rf8 34. Rde1 (34. Kg2 $16) 34... Bd2 $11 35. R1e2 (35. Re8 $11 Ng5+ 36. Kg2) 35... Ng5+ $17 {[%mdl 64] [#] Double Attack} 36. Kf2 Nxe6 37. Rxe6 Bc1 38. Re2 (38. Ke2 $17 {was necessary.}) 38... Bg5 (38... Rg8 $19 39. Ngh6 Rh8) 39. Re6 Bc1 (39... Ra8 $17) 40. Re2 $1 $19 Kb6 41. Ke1 Rdd8 42. Kd1 Bg5 43. Re7 (43. Re6+ $17 Kc7 44. Re7+ Rd7 45. Re6) 43... Rfe8 {And now ...Rxe7 would win.} 44. Rxh7 Rh8 45. Rf7 $2 (45. Rxh8 {was the only chance.} Rxh8 46. Ne7) 45... Rxh5 46. Nxf6 Rh2 47. Nd7+ $2 (47. Nh7 Rg8 48. Nxg5 Rxg5 49. Kc1) 47... Ka7 {Black is clearly winning.} 48. Nd6 Rxb2 49. Rg7 (49. Rh7 $142 Be3 50. Nf5) 49... Rh8 {Accuracy: White = 46%, Black = 45%.} 0-1

[Event "FAI-ch 2019"]
[Site "Torshavn"]
[Date "2019.04.16"]
[Round "4.3"]
[White "Samuelsen, Carl Eli Nolsoe"]
[Black "Berg, Olaf"]
[Result "1/2-1/2"]
[WhiteElo "2196"]
[BlackElo "2212"]
[Annotator "NA"]
[PlyCount "65"]
[EventDate "2019.04.12"]
[EventType "tourn"]
[EventRounds "7"]
[EventCountry "FAI"]
[SourceTitle "playchess.com"]
[Source "ChessBase"]
[SourceQuality "1"]
[TimeControl "40/5400+30:900+30"]

1. e4 {[%emt 0:00:00]} c5 {[%emt 0:00:00]} 2. Nf3 {[%emt 0:00:00]} d6 {[%emt 0:00:00]} 3. d4 {[%emt 0:00:00]} cxd4 {[%emt 0:00:07]} 4. Nxd4 {[%emt 0:00:00]} Nf6 {[%emt 0:00:22]} 5. Nc3 {[%emt 0:00:01]} a6 {[%emt 0:00:26]} 6. g3 {[%emt 0:00:41]} g6 {[%emt 0:05:53]} 7. Bg2 {[%emt 0:00:41] B91: Sicilian Najdorf: 6 g3} Bg7 {[%emt 0:00:39]} 8. h3 {[%emt 0:01:11]} Nbd7 {[%emt 0:02:41]} (8... O-O 9. O-O Bd7 10. Be3 Nc6 11. Nde2 Rc8 12. b3 b5 13. Nd5 Be6 14. Qd2 Ne5 15. f4 Ned7 16. Nd4 Nc5 17. Nxe6 Nxe6 18. Rac1 Nc5 19. Nxf6+ Bxf6 {½-½ (98) Grischuk,A (2767)-Nepomniachtchi,I (2751) Moscow 2018}) 9. O-O {[%emt 0:01:47]} Nc5 {[%emt 0:03:47]} 10. Be3 {[%emt 0:03:48]} Bd7 $146 {[%emt 0:03:41]} ({Predecessor:} 10... Qc7 11. a4 Rb8 {1-0 (29) Schweizer,M (2032)-Besancon,P (1691) Heusenstamm 2017}) 11. f4 {[%emt 0:07:49]} Qc7 {[%emt 0:23:51]} 12. Qd2 {[%emt 0:09:14]} e5 {[%emt 0:06:46]} 13. Nb3 {[%emt 0:09:14]} Nxb3 {[%emt 0:13:53]} 14. axb3 {[%emt 0:03:16]} Bc6 {[%emt 0:01:55]} 15. Rad1 {[%emt 0:10:08]} O-O-O {[%emt 0:08:12]} 16. Qf2 {[%emt 0:09:18]} Nd7 {[%emt 0:18:30]} 17. f5 {[%emt 0:10:27]} Kb8 {[%emt 0:02:52]} 18. Rd2 {[%emt 0:03:03]} Bf6 {[%emt 0:01:01]} 19. Rfd1 {[%emt 0:03:16]} Be7 {[%emt 0:00:08]} 20. Kh2 {[%emt 0:08:07]} f6 $1 $11 {[%emt 0:00:46] and Black stays safe.} (20... gxf5 $16 {was worth a try.} 21. Qxf5 Nf6) 21. Bf1 {[%emt 0:01:29]} (21. Ra1 $142) 21... Nc5 {[%emt 0:02:34]} 22. Bg2 $2 {[%emt 0:02:38]} (22. Re1 $16) 22... Qc8 $2 {[%emt 0:02:18]} 23. b4 {[%emt 0:01:23]} Na4 {[%emt 0:00:18]} 24. Nxa4 {[%emt 0:03:10]} Bxa4 {[%emt 0:00:05]} 25. b3 {[%emt 0:02:49]} Bc6 {[%emt 0:00:13]} 26. c4 {[%emt 0:00:32]} gxf5 {[%emt 0:00:35]} 27. exf5 {[%emt 0:00:54]} Bxg2 {[%emt 0:01:09]} 28. Kxg2 {[%emt 0:00:27]} d5 {[%emt 0:00:43]} 29. Rxd5 {[%emt 0:05:17]} Bxb4 $16 {[%emt 0:00:20]} 30. Bb6 {[%emt 0:02:11]} Rxd5 {[%emt 0:00:16]} 31. Rxd5 {[%emt 0:00:20]} Qc6 {[%emt 0:00:17]} 32. Kh2 {[%emt 0:00:28]} Re8 {[%emt 0:00:42]} 33. Qe3 {[%emt 0:00:38]} 1/2-1/2

[Event "FAI-ch 2019"]
[Site "Torshavn"]
[Date "2019.04.16"]
[Round "4.4"]
[White "Miezis, Normunds"]
[Black "Hoi, Carsten"]
[Result "1/2-1/2"]
[WhiteElo "2468"]
[BlackElo "2354"]
[Annotator "TA"]
[PlyCount "87"]
[EventDate "2019.04.12"]
[EventType "tourn"]
[EventRounds "7"]
[EventCountry "FAI"]
[SourceTitle "playchess.com"]
[Source "ChessBase"]
[SourceQuality "1"]

{[%evp 17,87,22,37,37,51,25,21,21,21,17,31,22,39,47,91,82,81,79,64,72,82,79,76,59,136,3,3,2,5,0,0,0,0,0,56,56,57,8,8,0,45,17,17,17,17,17,10,0,0,0,0,0,0,-5,-11,-119,-106,-89,-58,-139,-135,-161,-142,-202,-125,-191,-203,-206,-146,-132,-130,-136]} 1. c4 g6 2. Nc3 Bg7 3. g3 d6 4. Bg2 e5 5. d3 Nc6 6. e4 f5 7. Nge2 Nf6 8. O-O O-O 9. Nd5 Nh5 10. exf5 {A26: English Opening vs King's Indian with ...Nc6 and d3} Bxf5 11. h3 {Hoping for g4.} Be6 12. g4 {The position is equal.} Nf6 13. Bg5 Qd7 14. f4 Bxd5 $146 ({Predecessor:} 14... h5 15. f5 gxf5 16. gxf5 Bxd5 17. cxd5 Ne7 {1-0 (38) Bellmann,H (2476)-Ponomarev,A (2184) ICCF email 2011}) 15. cxd5 Nd4 16. Nxd4 exd4 17. Qb3 Rae8 {White should prevent ...Nxg4!} 18. Qxb7 Nxg4 {[#]} 19. Rac1 $1 {[%cal Rc1c7]} ({Wrong is} 19. hxg4 $2 Qxg4 20. Rf2 h6 $17) 19... Rf7 20. hxg4 {Threatens to win with Qc6.} Qxg4 (20... h6 $14) 21. Rce1 (21. Rxc7 $16 Rxc7 22. Qxc7) 21... Rxe1 $11 22. Rxe1 {Strongly threatening Re8+.} h6 $132 {[%mdl 2048] Black puts up resistance} 23. Qb8+ Rf8 24. Qxc7 {And now Be7 would win.} hxg5 25. Qxd6 gxf4 ({Better is} 25... Rf6 $11 26. Qd8+ Kh7 27. fxg5 Qg3 28. gxf6 Qxe1+ 29. Bf1 Qg3+ 30. Bg2 Qe1+ 31. Bf1 Qg3+ 32. Bg2 Qe3+ 33. Kh2 Qf4+ 34. Kg1 Qe3+ 35. Kh2 Qf4+ 36. Kg1 Qe3+) 26. Qe6+ $14 Qxe6 27. dxe6 {[%mdl 4096] Endgame KRB-KRB} Bf6 $1 28. Rc1 Re8 29. Bc6 Re7 30. Kg2 Kg7 31. Bd7 Be5 $1 32. Kf3 Kf6 33. Ke4 Rh7 34. Rc6 Bb8 35. Rc8 Bd6 36. Kd5 {[#]} (36. Rc6 $11 {keeps the balance.} Ke7 37. Ra6) 36... Be7 $1 $17 37. Kxd4 g5 38. Rg8 ({White should try} 38. Bc6 $1 $15) 38... Rh2 39. Bc6 Kxe6 40. Bf3 (40. Kc3 $17) 40... Rxb2 41. Bg4+ (41. Ke4 $17) 41... Kf7 $19 42. Rc8 Rxa2 43. Ke4 Ra4+ 44. d4 {Accuracy: White = 48%, Black = 74%.} 1/2-1/2

[Event "FAI-ch 2019"]
[Site "Torshavn"]
[Date "2019.04.17"]
[Round "5.2"]
[White "Berg, Olaf"]
[Black "Miezis, Normunds"]
[Result "0-1"]
[WhiteElo "2212"]
[BlackElo "2468"]
[Annotator "TA"]
[PlyCount "46"]
[EventDate "2019.04.12"]
[EventType "tourn"]
[EventRounds "7"]
[EventCountry "FAI"]
[SourceTitle "playchess.com"]
[Source "ChessBase"]
[SourceQuality "1"]

{[%evp 13,46,47,35,30,19,-155,-174,-170,-173,-191,-194,-183,-177,-174,-154,-237,-130,-250,-255,-291,-265,-499,-490,-490,-486,-610,-606,-669,-631,-733,-708,-966,-977,-1090,-1038]} 1. e4 c5 2. Nf3 e6 3. d4 cxd4 4. Nxd4 a6 5. g3 Nf6 6. Bg2 Qc7 7. O-O Nc6 {[%cal Bb8c6,Bc6d4,Bd4c2][%mdl 32]} 8. Re1 {A46: 1 d4 Nf6 2 Nf3 e6: Torre, London and Colle Systems} (8. c4 Bc5 9. Be3 Nxd4 10. Bxd4 e5 11. Bxc5 Qxc5 12. Nc3 d6 13. Qd3 Be6 14. b3 O-O 15. Rfd1 Rfd8 16. Rac1 {0-1 (55) Paravyan,D (2634)-Gordievsky,D (2614) St Petersburg 2018}) 8... Nxd4 9. e5 $146 (9. Qxd4 $11 Bc5 10. Qc3) ({Predecessor:} 9. Qxd4 Bc5 10. Qd1 d6 11. c4 e5 12. Nc3 Be6 13. Nd5 Bxd5 14. cxd5 Qb6 15. Qa4+ Ke7 16. Be3 Bxe3 17. Rxe3 {½-½ (17) Pergel,L (2280)-Szeberenyi,A (2363) Hungary 2016}) 9... Nxc2 $17 {[%mdl 64] Double Attack} 10. exf6 {Black is clearly better.} Nxe1 ({Don't take} 10... Nxa1 11. Nc3 $17) 11. Qxe1 gxf6 12. Nc3 Be7 $1 13. Bh6 d5 {[#]} 14. Rc1 (14. Bxd5 $1 $17 {[%mdl 512] keeps fighting.} Bd7 (14... exd5 15. Nxd5) 15. Rc1) 14... Qe5 ({Better is} 14... Qd8 $19 {Strongly threatening ...b5.} 15. Qd1 Bd7) 15. Qd1 (15. Qd2 $17 {only move.}) 15... Bd7 $19 16. Bf4 {[%cal Rc3d5] aiming for Nxd5.} Qf5 17. Bxd5 $2 (17. Na4) 17... exd5 {Black is clearly winning.} 18. Nxd5 {intending Nc7+.} Bd8 19. Ne3 Qe6 20. Qh5 O-O 21. Rc5 Bb6 22. Nf5 Kh8 23. Qh6 {[#]} Rg8 $1 ({Inferior is} 23... Qe1+ 24. Kg2 $11) 0-1